Normal view
MARC view
Entry Personal Name
001 - CONTROL NUMBER
- control field: 1237470
003 - CONTROL NUMBER IDENTIFIER
- control field: OSt
005 - DATE AND TIME OF LATEST TRANSACTION
- control field: 20260430150427.0
008 - FIXED-LENGTH DATA ELEMENTS
- fixed length control field: 260430|| aca||aabn | a|a d
040 ## - CATALOGING SOURCE
- Original cataloging agency: OSt
- Transcribing agency: OSt
100 ## - HEADING--PERSONAL NAME
- Personal name: Yadav Sanjeev Kumar Au.; Nag Alo Gu.; Kundu Suman Gu
670 ## - SOURCE DATA FOUND
- Source citation: Work cat.: (OSt)1849753: Yadav Sanjeev Kumar Au.; Nag Alo Gu.; Kundu Suman Gu., Investigation of Regulation of Ligamd Binding and stability Determinants in Novel Hemoglobins with Applications in Blood Substitutes, 2023
